000 00804nam a22002537i 4500
999 _c22793
_d22793
003 AR-CdUCM
008 240313b20222022pe ||||| |||| 00| 0 spa d
020 _a978-612-4111-51-8
040 _aMUNICIPALIDAD PROVINCIAL DEL CUSCO
_cBIBLIOTECA MUNICIPAL DEL CUSCO
041 _hspa
082 _a808.925 / A59
_bA59
100 _aAndía Navarro, Reginaldo
_949476
245 _aRitual Formulario /
260 _aArequipa :
_bMunicipalidad Provincial de Arequipa,
_c2022
300 _a54 páginas. :
_c23 cm.
505 _aNacimiento de la poesía -- Arte -- Refugio -- Polvo -- Palabras -- Labores
650 _aFe
_98820
650 _aPoesía
_949477
650 _aAntepasados
_927012
650 _aLos poetas
_92538
650 _aNeo barroco
_949478
942 _2ddc
_cLIBROS
945 _apbj
_d2024